000 02743cas a2200589 a 4500
999 _c523449
_d523449
001 14168252
003 NUST
005 20190312051212.0
008 051114c20069999nyuqr p 0 a0eng c
010 _a 2005215831
016 7 _aAA12121766
_2JP-ToKJK
016 7 _a013440907
_2Uk
022 _a1558-9080
_l1558-9080
_21
035 _a(OCoLC)ocm62270488
037 _bAcademy of Management, Subscription Office, PO Box 11318, Birmingham, AL 35202
_c$70.00 (individual, U.S.)
_c$110.00 (academic library, U.S.)
_c$150.00 (corporate library, U.S.)
_c$90.00 (individual, foreign)
_c$135.00 (academic library, foreign)
_c$165.00 (corporate library, foreign)
_nElectronic subscription for current year only issues available with print subscription for an additional $35.00
038 _aMr. Zahoor
040 _aNSD
_beng
_cNSD
_dMYG
_dEEM
_dIUL
_dORZ
_dWAU
_dDLC
_dLVB
_dOCLCQ
_dUQ1
_dNSD
_dOCLCQ
_dABC
_dMUQ
_dNLGGC
_dUKMGB
_dEYM
_dOCLCF
_dOCLCO
_dFC@
_dI8M
_dGILDS
_dOCLCO
_dOCLCQ
_dCCH
_dOCLCQ
042 _apcc
_ansdp
050 0 0 _aHD28
_b.A2415
082 1 0 _a650
_214
222 4 _aThe Academy of Management perspectives
245 0 4 _aThe Academy of Management perspectives.
246 1 3 _aAMP
260 _aBriarcliff Manor, N.Y. :
_bAcademy of Management,
_c2006-
300 _avolumes :
_billustrations ;
_c28 cm
310 _aQuarterly
336 _atext
_btxt
_2rdacontent
337 _aunmediated
_bn
_2rdamedia
338 _avolume
_bnc
_2rdacarrier
362 0 _aVol. 20, no. 1 (Feb. 2006)-
500 _aTitle from cover.
650 0 _aManagement
_vPeriodicals.
_913046
650 0 _aOrganizational change
_vPeriodicals.
_913821
650 6 _aGestion
_vPériodiques.
_913047
650 6 _aChangement organisationnel
_vPériodiques.
_913822
650 7 _aManagement.
_2fast
_0(OCoLC)fst01007141
_92007
650 7 _aOrganizational change.
_2fast
_0(OCoLC)fst01047828
_94326
650 1 7 _aManagement.
_2gtt
_92007
650 7 _aChangement organisationnel.
_2rasuqam
_913823
650 1 7 _aGestion d'entreprise.
_2rasuqam
_913824
650 7 _aChef d'entreprise.
_2rasuqam
_913825
655 7 _aPeriodicals.
_2fast
_0(OCoLC)fst01411641
_92739
655 7 _aPeriodicals.
_2lcgft
_92739
710 2 _aAcademy of Management.
_913045
776 0 8 _iOnline version:
_tAcademy of Management perspectives (Online)
_x1943-4529
_w(DLC) 2008214628
_w(OCoLC)67618417
780 0 0 _tAcademy of Management executive (1993)
_x1079-5545
_w(DLC)sn 94001554
_w(OCoLC)28883846
906 _a7
_bcbc
_cserials
_d2
_encip
_f20
_gn-oclcserc
942 _2ddc
_cCR
_s1